[Event "Tradewise Gibraltar Chess Festival 2013"]
[Site "Gibraltar ENG"]
[Date "2013.01.27"]
[Round "6.67"]
[White "Ungureanu, Sandu"]
[Black "Tate, Alan"]
[Result "0-1"]
[WhiteElo "2019"]
[BlackElo "2290"]
[PlyCount "68"]
[EventDate "2013.01.22"]
[EventType "swiss"]
[EventRounds "10"]
[EventCountry "ENG"]
[Source "lmi"]
[SourceDate "2013.01.22"]

1. e4 c5 2. Nf3 Nc6 3. d4 cxd4 4. Nxd4 Nf6 5. f3 e6 6. c4 Qb6 7. Nb3 a5 8. Nc3
a4 9. c5 Qb4 10. Bd2 axb3 11. Nb5 Qxc5 12. Nc7+ Kd8 13. Nxa8 Nb4 14. Qxb3 Nc2+
15. Kd1 Nxa1 16. Qb6+ Qxb6 17. Nxb6 Bc5 18. Nxc8 Kxc8 19. Bd3 d5 20. Ke2 dxe4
21. fxe4 Bd4 22. Bc3 Bxc3 23. bxc3 Kc7 24. Rxa1 Ra8 25. a4 Ra5 26. Kf3 Rh5 27.
h3 Rc5 28. Ra3 Nd7 29. Ke3 Rg5 30. Kf3 Ne5+ 31. Kf4 f6 32. Bf1 h5 33. a5 h4 34.
a6 Rg3 0-1

[Event "Tradewise Gibraltar Chess Festival 2013"]
[Site "Gibraltar ENG"]
[Date "2013.01.27"]
[Round "6.68"]
[White "Garcia Jimenez, Francisco Javi"]
[Black "Nafri, Khalil"]
[Result "0-1"]
[WhiteElo "2278"]
[BlackElo "2091"]
[PlyCount "80"]
[EventDate "2013.01.22"]
[EventType "swiss"]
[EventRounds "10"]
[EventCountry "ENG"]
[Source "lmi"]
[SourceDate "2013.01.22"]

1. e4 c5 2. Nc3 Nc6 3. g3 g6 4. Bg2 Bg7 5. d3 Rb8 6. a4 d6 7. Nge2 a6 8. O-O b5
9. axb5 axb5 10. f4 b4 11. Nd5 Bg4 12. e5 Bxe2 13. Qxe2 Nd4 14. Qf2 e6 15. Ne3
Ne7 16. exd6 Qxd6 17. Nc4 Qd8 18. Ra5 Ndf5 19. Kh1 Bd4 20. Qe1 Nd5 21. g4 Nfe3
22. Bxe3 Nxe3 23. Nxe3 Qxa5 24. Nc4 Qd8 25. f5 O-O 26. Qe4 exf5 27. gxf5 Kg7
28. Qg4 Bf6 29. Nd2 Qd4 30. Ne4 Rb6 31. b3 Qe5 32. Nd2 Ra6 33. Qc4 Ra1 34. fxg6
fxg6 35. Ne4 Rxf1+ 36. Bxf1 Qf4 37. Be2 Be5 38. Ng3 Qc1+ 39. Kg2 Bxg3 40. hxg3
Qe1 0-1

[Event "Tradewise Gibraltar Chess Festival 2013"]
[Site "Gibraltar ENG"]
[Date "2013.01.27"]
[Round "6.70"]
[White "Tari, Aryan"]
[Black "Van Kemenade, Rudy"]
[Result "1-0"]
[WhiteElo "2268"]
[BlackElo "2043"]
[PlyCount "81"]
[EventDate "2013.01.22"]
[EventType "swiss"]
[EventRounds "10"]
[EventCountry "ENG"]
[Source "lmi"]
[SourceDate "2013.01.22"]

1. Nf3 Nf6 2. g3 g6 3. Bg2 Bg7 4. O-O O-O 5. c4 d6 6. Nc3 Nc6 7. Rb1 a5 8. a3
e5 9. d3 h6 10. b4 axb4 11. axb4 Nh5 12. b5 Ne7 13. Bb2 f5 14. Nd2 g5 15. e4
Nf6 16. exf5 Nxf5 17. Ra1 Rxa1 18. Qxa1 Qe8 19. Nde4 Nd4 20. Nxf6+ Rxf6 21. Qa8
Nf3+ 22. Kh1 g4 23. Nd5 Rf7 24. h4 gxh3 25. Bxf3 Rxf3 26. Qxc8 Qxc8 27. Ne7+
Kf7 28. Nxc8 Rxd3 29. b6 c6 30. f4 Ke6 31. fxe5 dxe5 32. c5 Rb3 33. Bc1 Rc3 34.
Nd6 Rxc5 35. Nxb7 Rb5 36. Be3 e4 37. Nc5+ Kd5 38. b7 Bd4 39. Rf5+ Kc4 40. Bxd4
Kxd4 41. Ne6+ 1-0

[Event "Tradewise Gibraltar Chess Festival 2013"]
[Site "Gibraltar ENG"]
[Date "2013.01.27"]
[Round "6.71"]
[White "Spanton, Tim R"]
[Black "Adrian, Claude"]
[Result "0-1"]
[WhiteElo "2017"]
[BlackElo "2260"]
[PlyCount "62"]
[EventDate "2013.01.22"]
[EventType "swiss"]
[EventRounds "10"]
[EventCountry "ENG"]
[Source "lmi"]
[SourceDate "2013.01.22"]

1. e4 e6 2. d3 d5 3. Nd2 Nf6 4. Ngf3 b6 5. c3 Be7 6. Qa4+ Qd7 7. Qc2 c5 8. g3
O-O 9. Bg2 dxe4 10. dxe4 Ba6 11. Bf1 Bb7 12. Bg2 Ba6 13. Bf1 Bb7 14. Bg2 Nc6
15. O-O Rad8 16. Re1 Ba6 17. Bf1 Bd3 18. Bxd3 Qxd3 19. Qa4 Qd7 20. Qc2 b5 21.
e5 Ne8 22. Ne4 Qd3 23. Qxd3 Rxd3 24. Be3 Nc7 25. Nd6 f6 26. Rad1 Rxd1 27. Rxd1
fxe5 28. Ng5 Nd5 29. Nxe6 Nxe3 30. fxe3 Rf6 31. Nxg7 Rxd6 0-1

[Event "Tradewise Gibraltar Chess Festival 2013"]
[Site "Gibraltar ENG"]
[Date "2013.01.27"]
[Round "6.72"]
[White "Scharrer, Patrick"]
[Black "Novoa, Fernando"]
[Result "1/2-1/2"]
[WhiteElo "2248"]
[BlackElo "2017"]
[PlyCount "58"]
[EventDate "2013.01.22"]
[EventType "swiss"]
[EventRounds "10"]
[EventCountry "ENG"]
[Source "lmi"]
[SourceDate "2013.01.22"]

1. e4 c5 2. Nf3 Nc6 3. Bb5 g6 4. O-O Bg7 5. Re1 e5 6. c3 Nge7 7. a4 O-O 8. Na3
a6 9. Bf1 d6 10. Rb1 d5 11. exd5 Nxd5 12. Nc4 e4 13. Rxe4 Bf5 14. d3 Bxe4 15.
dxe4 Nde7 16. Qb3 Qc7 17. g3 Ne5 18. Ncxe5 Bxe5 19. Nxe5 Qxe5 20. Qxb7 Rab8 21.
Qxa6 Qxe4 22. Ra1 Nf5 23. a5 Rfe8 24. Qd3 Qe1 25. Qd2 Qe6 26. Qc2 Nh4 27. Bf4
Nf3+ 28. Kg2 Qc6 29. Qd1 Ne1+ 1/2-1/2

[Event "Tradewise Gibraltar Chess Festival 2013"]
[Site "Gibraltar ENG"]
[Date "2013.01.27"]
[Round "6.73"]
[White "Suez-Panama, Gilles"]
[Black "Olhovik, Andrei"]
[Result "0-1"]
[WhiteElo "1989"]
[BlackElo "2246"]
[PlyCount "80"]
[EventDate "2013.01.22"]
[EventType "swiss"]
[EventRounds "10"]
[EventCountry "ENG"]
[Source "lmi"]
[SourceDate "2013.01.22"]

1. d4 Nf6 2. Nf3 e6 3. c4 Bb4+ 4. Nbd2 d5 5. a3 Be7 6. g3 b6 7. Qa4+ Bd7 8. Qc2
O-O 9. Bg2 c5 10. O-O Nc6 11. dxc5 bxc5 12. cxd5 exd5 13. Rd1 Qb6 14. e4 dxe4
15. Nxe4 Rad8 16. Nxf6+ Bxf6 17. Bg5 Nd4 18. Nxd4 Bxg5 19. Nf5 Bf6 20. h4 Qxb2
21. Ne7+ Kh8 22. Qxb2 Bxb2 23. Rab1 Bd4 24. Kf1 Be6 25. Nc6 Rd7 26. Nxd4 cxd4
27. Rb4 Rfd8 28. Be4 g6 29. Bd3 Rc7 30. a4 Rc3 31. Bb5 d3 32. f3 Rd6 33. a5 Bb3
34. Rd2 a6 35. Ba4 Rc1+ 36. Kf2 Rc2 37. Ke3 Re6+ 38. Re4 Rxe4+ 39. fxe4 Bxa4
40. Rxd3 Bb5 0-1

[Event "Tradewise Gibraltar Chess Festival 2013"]
[Site "Gibraltar ENG"]
[Date "2013.01.27"]
[Round "6.74"]
[White "Pribyl, Jaroslav"]
[Black "Storey, Charles H"]
[Result "0-1"]
[WhiteElo "1932"]
[BlackElo "2245"]
[PlyCount "102"]
[EventDate "2013.01.22"]
[EventType "swiss"]
[EventRounds "10"]
[EventCountry "ENG"]
[Source "lmi"]
[SourceDate "2013.01.22"]

1. d4 g6 2. Nf3 Bg7 3. Bg5 c5 4. c3 Qb6 5. Qb3 cxd4 6. Qxb6 axb6 7. cxd4 Nc6 8.
e3 Nb4 9. Na3 Nf6 10. Bc4 O-O 11. O-O d6 12. Nb5 Bd7 13. Nc3 Rfc8 14. Bb3 e6
15. Rfd1 Ne8 16. a3 Nc6 17. d5 Na5 18. Ba2 Bxc3 19. dxe6 fxe6 20. bxc3 Rxc3 21.
Nd4 Kf7 22. a4 Rc5 23. h4 Nc4 24. Bb3 Ra6 25. Nf3 Nb2 26. Rd4 b5 27. a5 Nc4 28.
Bd8 e5 29. Bxc4+ bxc4 30. Rdd1 Bc6 31. Ng5+ Kg8 32. Bb6 Rb5 33. Rac1 d5 34. e4
Nf6 35. Ne6 Nxe4 36. Nc7 Raxa5 37. Nxb5 Rxb5 38. Bc7 Nc5 39. Ra1 Nd3 40. Rxd3
cxd3 41. Bxe5 Rb4 42. g3 d4 43. Kf1 Kf7 44. Ke1 Ke6 45. Bf4 Rb2 46. Rd1 Bb5 47.
Rd2 Rb3 48. Rd1 Kd5 49. Rc1 Bc4 50. Bh6 Rb2 51. Bg5 Re2+ 0-1

[Event "Tradewise Gibraltar Chess Festival 2013"]
[Site "Gibraltar ENG"]
[Date "2013.01.27"]
[Round "6.75"]
[White "Byrn, Carsten"]
[Black "Kurmann, Oliver"]
[Result "0-1"]
[WhiteElo "2114"]
[BlackElo "2456"]
[PlyCount "50"]
[EventDate "2013.01.22"]
[EventType "swiss"]
[EventRounds "10"]
[EventCountry "ENG"]
[Source "lmi"]
[SourceDate "2013.01.22"]

1. d4 Nf6 2. c4 e6 3. Nc3 c5 4. d5 exd5 5. cxd5 d6 6. Nf3 g6 7. Bf4 a6 8. a4
Bg7 9. h3 O-O 10. e3 Ne8 11. Be2 b6 12. Nd2 Nd7 13. Nc4 Ne5 14. Nxe5 dxe5 15.
Bg3 Nd6 16. O-O f5 17. f4 e4 18. Qb3 Bd7 19. Ra3 b5 20. axb5 axb5 21. Rfa1 Rxa3
22. Rxa3 b4 23. Ra6 bxc3 24. Rxd6 cxb2 25. Qb7 Bc8 0-1

[Event "Tradewise Gibraltar Chess Festival 2013"]
[Site "Gibraltar ENG"]
[Date "2013.01.27"]
[Round "6.77"]
[White "Vojinovic, Jovana"]
[Black "Havik, Victor"]
[Result "1-0"]
[WhiteElo "2359"]
[BlackElo "2094"]
[PlyCount "63"]
[EventDate "2013.01.22"]
[EventType "swiss"]
[EventRounds "10"]
[EventCountry "ENG"]
[Source "lmi"]
[SourceDate "2013.01.22"]

1. d4 Nf6 2. Nf3 e6 3. c4 b6 4. a3 Bb7 5. Nc3 d5 6. Bg5 Be7 7. Qa4+ c6 8. cxd5
exd5 9. g3 O-O 10. Bg2 Nbd7 11. O-O c5 12. Ne5 cxd4 13. Nxd7 dxc3 14. Nxf8 cxb2
15. Ra2 Qxf8 16. Qb3 h6 17. Be3 Ba6 18. Qxb2 Bc4 19. Raa1 b5 20. a4 b4 21. Rfc1
a5 22. Bd4 Rc8 23. Bb6 Bc5 24. Bxc5 Qxc5 25. e3 Rb8 26. Rab1 Qc6 27. e4 Nxe4
28. Bxe4 dxe4 29. Qd4 Rc8 30. Rb2 Qxa4 31. Rbc2 b3 32. Rxc4 1-0

[Event "Tradewise Gibraltar Chess Festival 2013"]
[Site "Gibraltar ENG"]
[Date "2013.01.27"]
[Round "6.79"]
[White "Stewart, Ashley"]
[Black "Marttala, Thomas"]
[Result "0-1"]
[WhiteElo "2040"]
[BlackElo "2217"]
[PlyCount "66"]
[EventDate "2013.01.22"]
[EventType "swiss"]
[EventRounds "10"]
[EventCountry "ENG"]
[Source "lmi"]
[SourceDate "2013.01.22"]

1. c4 e5 2. g3 Nc6 3. Bg2 Nf6 4. Nc3 Bb4 5. Nd5 Bc5 6. e3 O-O 7. Ne2 Re8 8. O-O
d6 9. d4 Bb6 10. Nxb6 axb6 11. h3 Bf5 12. b3 Nb4 13. g4 Be4 14. a3 Bxg2 15.
Kxg2 e4 16. Nf4 h6 17. Bb2 Nc6 18. b4 d5 19. Qb3 Ne7 20. c5 g5 21. Ne2 Ng6 22.
Ng3 Nh4+ 23. Kh1 Qd7 24. Qd1 Nf3 25. Nf5 Kh7 26. Rg1 h5 27. Rc1 hxg4 28. hxg4
Kg6 29. cxb6 cxb6 30. Qc2 Rh8+ 31. Kg2 Nxg4 32. Ng3 Rh2+ 33. Kf1 Qb5+ 0-1

[Event "Tradewise Gibraltar Chess Festival 2013"]
[Site "Gibraltar ENG"]
[Date "2013.01.27"]
[Round "6.80"]
[White "Campos Calvo-Sotelo, Juan"]
[Black "Urbina Perez, Juan Antonio"]
[Result "0-1"]
[WhiteElo "1978"]
[BlackElo "2214"]
[PlyCount "38"]
[EventDate "2013.01.22"]
[EventType "swiss"]
[EventRounds "10"]
[EventCountry "ENG"]
[Source "lmi"]
[SourceDate "2013.01.22"]

1. b4 d5 2. e3 e6 3. Bb2 Nf6 4. a3 c6 5. c4 Bd6 6. Nc3 O-O 7. Nf3 e5 8. cxd5 e4
9. Ng5 cxd5 10. Nb5 Nc6 11. Nxd6 Qxd6 12. Qb3 h6 13. Nh3 Bxh3 14. gxh3 Ne5 15.
Be2 Rac8 16. O-O Nf3+ 17. Bxf3 exf3 18. Kh1 Ne4 19. d3 Qg6 0-1

[Event "Tradewise Gibraltar Chess Festival 2013"]
[Site "Gibraltar ENG"]
[Date "2013.01.27"]
[Round "6.82"]
[White "Veltkamp, Gerben"]
[Black "Hamer, Martyn"]
[Result "1-0"]
[WhiteElo "2200"]
[BlackElo "2025"]
[PlyCount "105"]
[EventDate "2013.01.22"]
[EventType "swiss"]
[EventRounds "10"]
[EventCountry "ENG"]
[Source "lmi"]
[SourceDate "2013.01.22"]

1. e4 Nf6 2. Nc3 d5 3. e5 Ne4 4. Qf3 Nxc3 5. dxc3 c5 6. c4 d4 7. Bd3 Nc6 8. Qg3
g6 9. Nf3 Be6 10. O-O Qd7 11. a3 Bg7 12. Re1 Bf5 13. Bd2 Nd8 14. Ng5 Bxd3 15.
cxd3 Ne6 16. Ne4 O-O 17. h4 f5 18. exf6 exf6 19. b4 b6 20. bxc5 bxc5 21. Rab1
f5 22. Qd6 Rad8 23. Qxd7 Rxd7 24. Ng5 Nxg5 25. Bxg5 Kf7 26. Rb5 Rc8 27. Kf1 Rc6
28. a4 Bf8 29. Re5 Rb6 30. Ke2 Re6 31. Rxe6 Kxe6 32. Bf4 Bd6 33. Kf3 Re7 34.
Ra5 Bxf4 35. Kxf4 Kf6 36. Rxc5 Re2 37. Rc6+ Kf7 38. f3 Re3 39. Ra6 Rxd3 40. Ke5
Rd2 41. Rxa7+ Ke8 42. Rxh7 d3 43. Kd4 Rxg2 44. Kxd3 Rf2 45. Ke3 Rc2 46. Kd4 Rf2
47. a5 Ra2 48. Ra7 Kd8 49. Kc5 Kc8 50. Kb6 Rf2 51. a6 Rxf3 52. Rc7+ Kd8 53. a7
1-0

[Event "Tradewise Gibraltar Chess Festival 2013"]
[Site "Gibraltar ENG"]
[Date "2013.01.27"]
[Round "6.83"]
[White "Meyer, Kai-Christian"]
[Black "Iasman, Inna"]
[Result "1-0"]
[WhiteElo "2177"]
[BlackElo "2019"]
[PlyCount "69"]
[EventDate "2013.01.22"]
[EventType "swiss"]
[EventRounds "10"]
[EventCountry "ENG"]
[Source "lmi"]
[SourceDate "2013.01.22"]

1. d4 d5 2. Bg5 c6 3. e3 Nf6 4. Bxf6 exf6 5. c4 dxc4 6. Bxc4 Bd6 7. Nc3 O-O 8.
Nf3 Qe7 9. Qc2 f5 10. Bd3 g6 11. h4 Nd7 12. h5 Nf6 13. O-O-O Be6 14. hxg6 hxg6
15. Kb1 Kg7 16. Rhe1 Rh8 17. Ne5 Nd5 18. Nxd5 Bxd5 19. f4 Rh2 20. e4 fxe4 21.
Bxe4 Qe6 22. Bxd5 Qxd5 23. Re2 Rah8 24. f5 Rh1 25. f6+ Kxf6 26. Rf2+ Ke6 27.
Nxf7 Rxd1+ 28. Qxd1 Rh4 29. Qe1+ Kd7 30. Nxd6 Rh7 31. Qe8+ Kxd6 32. Qd8+ Rd7
33. Rf6+ Qe6 34. Rxe6+ Kxe6 35. Qe8+ 1-0

[Event "Tradewise Gibraltar Chess Festival 2013"]
[Site "Gibraltar ENG"]
[Date "2013.01.27"]
[Round "6.84"]
[White "Smith, Andrew Philip"]
[Black "Hackner, Oskar A"]
[Result "1/2-1/2"]
[WhiteElo "2175"]
[BlackElo "2015"]
[PlyCount "113"]
[EventDate "2013.01.22"]
[EventType "swiss"]
[EventRounds "10"]
[EventCountry "ENG"]
[Source "lmi"]
[SourceDate "2013.01.22"]

1. d4 Nf6 2. c4 e6 3. Nc3 Bb4 4. g3 c5 5. Nf3 Ne4 6. Qd3 Qa5 7. Qxe4 Bxc3+ 8.
Bd2 Bxd2+ 9. Nxd2 O-O 10. dxc5 Na6 11. Bg2 Nxc5 12. Qc2 d6 13. O-O Bd7 14. a3
Qc7 15. b4 Na4 16. Rac1 Rac8 17. Qb1 b5 18. Bf3 Qb8 19. cxb5 Bxb5 20. Nb3 d5
21. Qa1 Qb6 22. Rfd1 Bc4 23. Nd2 Qb5 24. e4 Nb6 25. Qd4 Rc6 26. Nxc4 dxc4 27.
Be2 f6 28. Rc2 e5 29. Qe3 a5 30. bxa5 Qxa5 31. Rdc1 Rfc8 32. Bg4 Rd8 33. h4 Rd4
34. Rc3 Qb5 35. Qf3 Na4 36. R3c2 Nc5 37. Rd1 Qb3 38. Rxd4 exd4 39. e5 Qxf3 40.
Bxf3 Rc7 41. Rxc4 fxe5 42. Bd5+ Kf8 43. f4 exf4 44. gxf4 d3 45. Kf2 Ke7 46. Ke3
Kd6 47. Rd4 Re7+ 48. Kf3 Ra7 49. Be4+ Ke7 50. Bxh7 Rxa3 51. Rd5 d2+ 52. Ke2 Ne6
53. Re5 Kd6 54. Re4 Rh3 55. f5 Rh2+ 56. Kd1 Nc5 57. Rd4+ 1/2-1/2

[Event "Tradewise Gibraltar Chess Festival 2013"]
[Site "Gibraltar ENG"]
[Date "2013.01.27"]
[Round "6.85"]
[White "Baeza Escudero, Javier"]
[Black "Byron, Alan M"]
[Result "0-1"]
[WhiteElo "2009"]
[BlackElo "2167"]
[PlyCount "82"]
[EventDate "2013.01.22"]
[EventType "swiss"]
[EventRounds "10"]
[EventCountry "ENG"]
[Source "lmi"]
[SourceDate "2013.01.22"]

1. d4 Nf6 2. c4 g6 3. g3 Bg7 4. Bg2 O-O 5. Nf3 d6 6. O-O Nbd7 7. Nc3 c6 8. e4
e5 9. d5 c5 10. Ne1 Ne8 11. Nd3 f5 12. Rb1 a6 13. f4 b5 14. cxb5 axb5 15. Nxb5
fxe4 16. Nf2 Rxa2 17. Nc3 Ra7 18. Nfxe4 exf4 19. Bxf4 Ne5 20. Ng5 Nc7 21. Re1
h6 22. Nge4 g5 23. Be3 Ng4 24. Bd2 Ne8 25. h3 Ne5 26. Kh2 Raf7 27. Be3 Nf3+ 28.
Bxf3 Rxf3 29. b4 Qd7 30. g4 Qe7 31. Qd2 Bxc3 32. Nxc3 Qe5+ 33. Kg1 Qg3+ 34. Qg2
Rxe3 35. Ne2 Qe5 36. bxc5 dxc5 37. Rb6 Nd6 38. Rc6 c4 39. h4 Bb7 40. Rc5 Ne4
41. Rxc4 Bxd5 0-1

[Event "Tradewise Gibraltar Chess Festival 2013"]
[Site "Gibraltar ENG"]
[Date "2013.01.27"]
[Round "6.86"]
[White "Obiamiwe, Paul"]
[Black "Karlsson, Jorgen"]
[Result "1-0"]
[WhiteElo "1973"]
[BlackElo "2165"]
[PlyCount "79"]
[EventDate "2013.01.22"]
[EventType "swiss"]
[EventRounds "10"]
[EventCountry "ENG"]
[Source "lmi"]
[SourceDate "2013.01.22"]

1. Nf3 d6 2. d4 g6 3. c4 Bg7 4. Nc3 Nf6 5. e4 O-O 6. Be2 Bg4 7. Be3 a5 8. O-O
Nfd7 9. h3 Bxf3 10. Bxf3 Nc6 11. d5 Nb4 12. Rc1 b6 13. a3 Na6 14. Qc2 Rb8 15.
Nb5 Ndc5 16. Nd4 Qe8 17. Nc6 Ra8 18. b4 axb4 19. axb4 Nd7 20. Qb3 Ne5 21. Nxe5
Bxe5 22. Bh6 Bg7 23. Bxg7 Kxg7 24. Ra1 f6 25. Ra3 c5 26. dxc6 Nc7 27. b5 Rxa3
28. Qxa3 Qa8 29. Qc3 Ne6 30. Ra1 Qb8 31. Qa3 Nc7 32. Qc3 Kf7 33. Ra3 h5 34. Qa1
Rc8 35. Ra7 Ne8 36. Rb7 Qa8 37. Qxa8 Rxa8 38. Rxb6 Rc8 39. Rb7 Rc7 40. Rxc7 1-0

[Event "Tradewise Gibraltar Chess Festival 2013"]
[Site "Gibraltar ENG"]
[Date "2013.01.27"]
[Round "6.87"]
[White "Baert, Andy"]
[Black "Reppen, Ellisiv"]
[Result "1/2-1/2"]
[WhiteElo "2154"]
[BlackElo "2005"]
[PlyCount "108"]
[EventDate "2013.01.22"]
[EventType "swiss"]
[EventRounds "10"]
[EventCountry "ENG"]
[Source "lmi"]
[SourceDate "2013.01.22"]

1. d4 Nf6 2. c4 g6 3. Nf3 c5 4. Nc3 cxd4 5. Nxd4 Bg7 6. e4 d6 7. Be2 O-O 8. O-O
Nc6 9. Be3 Nxd4 10. Bxd4 b6 11. Qd2 Bb7 12. f3 Rc8 13. Rac1 Re8 14. b3 Nd7 15.
Be3 Nf6 16. Rfd1 h5 17. h3 Qc7 18. Nd5 Nxd5 19. cxd5 Qd7 20. a4 Rxc1 21. Rxc1
Rc8 22. Bb5 Rxc1+ 23. Qxc1 Qd8 24. Qc4 Kh7 25. Kf1 Qc8 26. a5 bxa5 27. Bxa7
Qxc4+ 28. Bxc4 Bc3 29. Ke2 Kg7 30. Kd3 Bb4 31. Bd4+ Kh6 32. Bb5 Bc8 33. h4 f5
34. Bb6 fxe4+ 35. fxe4 e6 36. dxe6 Bxe6 37. Bc4 Bd7 38. Bd8 a4 39. bxa4 Bxa4
40. Be7 Be1 41. Kd4 Bc6 42. Bd5 Bf2+ 43. Kc4 Bd7 44. Bg8 Kg7 45. Bd5 Bg3 46.
Kb4 Be1+ 47. Kc4 Bg3 48. Bb7 Kf7 49. Bg5 Bg4 50. Bd5+ Ke8 51. Bc6+ Kf7 52. Kd4
Be2 53. Bd7 Bf1 54. Bh3 Ba6 1/2-1/2

[Event "Tradewise Gibraltar Chess Festival 2013"]
[Site "Gibraltar ENG"]
[Date "2013.01.27"]
[Round "6.88"]
[White "Walton, Alan J"]
[Black "Onabogun, Kolade"]
[Result "1/2-1/2"]
[WhiteElo "2153"]
[BlackElo "1978"]
[PlyCount "124"]
[EventDate "2013.01.22"]
[EventType "swiss"]
[EventRounds "10"]
[EventCountry "ENG"]
[Source "lmi"]
[SourceDate "2013.01.22"]

1. d4 g6 2. e4 Bg7 3. Nc3 d6 4. Be3 a6 5. a4 b6 6. Bd3 Bb7 7. Nf3 Nd7 8. O-O c5
9. d5 Ngf6 10. h3 O-O 11. Qd2 Re8 12. Rae1 Qc7 13. b3 e6 14. dxe6 Rxe6 15. Bf4
Ne5 16. Nxe5 dxe5 17. Bh2 Rd8 18. Qe2 Bh6 19. Rd1 Rd4 20. f3 Qc8 21. g4 Bg7 22.
Bg3 Re8 23. Bc4 h5 24. Bf2 hxg4 25. hxg4 Bh6 26. Bh4 Nh7 27. Bd5 Bg5 28. Bg3
Nf6 29. Bxb7 Qxb7 30. Nb1 b5 31. axb5 axb5 32. c3 Rxd1 33. Rxd1 b4 34. Qd3 bxc3
35. Qxc3 Nxe4 36. fxe4 Qxe4 37. Re1 Qxg4 38. Rxe5 Rd8 39. Re1 Rd1 40. Kh2 Rxe1
41. Qxe1 f5 42. Qe8+ Kh7 43. Qf7+ Kh6 44. Qf8+ Kh5 45. Qh8+ Bh6 46. Qe5 Bg5 47.
Nc3 Qb4 48. Ne2 Qxb3 49. Qh8+ Bh6 50. Kh3 Qf7 51. Nf4+ Kg5 52. Qe5 Bg7 53. Ne6+
Kh6 54. Qf4+ g5 55. Qxg5+ Kh7 56. Qh4+ Kg8 57. Qd8+ Bf8 58. Qg5+ Kh7 59. Qh4+
Kg8 60. Ng5 Be7 61. Be5 Qb3+ 62. Bg3 Qf7 1/2-1/2

[Event "Tradewise Gibraltar Chess Festival 2013"]
[Site "Gibraltar ENG"]
[Date "2013.01.27"]
[Round "6.89"]
[White "Nwachukwu, Chino"]
[Black "Burrows, Martin P"]
[Result "0-1"]
[WhiteElo "1962"]
[BlackElo "2153"]
[PlyCount "106"]
[EventDate "2013.01.22"]
[EventType "swiss"]
[EventRounds "10"]
[EventCountry "ENG"]
[Source "lmi"]
[SourceDate "2013.01.22"]

1. e4 c5 2. Nf3 e6 3. d4 cxd4 4. Nxd4 a6 5. a3 Nf6 6. Nc3 Qc7 7. Bg5 Be7 8. f4
d6 9. Qf3 b5 10. O-O-O Bb7 11. g4 Nc6 12. Bxf6 Bxf6 13. Ndxb5 axb5 14. Nxb5 Qb6
15. Nxd6+ Kf8 16. e5 Be7 17. Nxb7 Qxb7 18. Bg2 Rc8 19. Rd3 Qa6 20. Rc3 Na5 21.
Rxc8+ Qxc8 22. Rd1 g6 23. Qa8 Qxa8 24. Bxa8 Kg7 25. Be4 Nc4 26. Rd7 Bc5 27. Bd3
Be3+ 28. Kb1 Nd2+ 29. Ka2 Bxf4 30. h3 Nf3 31. Be2 Nxe5 32. Rd4 g5 33. b4 Kf6
34. c4 Ke7 35. c5 Rc8 36. Rd1 f5 37. a4 Be3 38. a5 f4 39. Kb3 Rb8 40. Ka4 f3
41. Bf1 Nc6 42. Bb5 Nd4 43. Bd3 Ne2 44. Rf1 Nc3+ 45. Ka3 Nd5 46. Rb1 Rxb4 47.
Rxb4 Bxc5 48. a6 Nxb4 49. Bf1 Nxa6+ 50. Ka4 Nc7 51. Kb3 Kd6 52. Kc4 Nd5 53. Kd3
Ke5 0-1

[Event "Tradewise Gibraltar Chess Festival 2013"]
[Site "Gibraltar ENG"]
[Date "2013.01.27"]
[Round "6.90"]
[White "Wiedersich, Jens"]
[Black "Becham, Khalid"]
[Result "1/2-1/2"]
[WhiteElo "2120"]
[BlackElo "1929"]
[PlyCount "128"]
[EventDate "2013.01.22"]
[EventType "swiss"]
[EventRounds "10"]
[EventCountry "ENG"]
[Source "lmi"]
[SourceDate "2013.01.22"]

1. d4 d5 2. Nf3 Nf6 3. g3 e6 4. Bg2 Bd6 5. c4 c6 6. Qc2 O-O 7. O-O Ne4 8. Nbd2
f5 9. Ne5 Bxe5 10. dxe5 Nd7 11. Nf3 g5 12. b3 g4 13. Nd4 Nxe5 14. Bb2 Ng6 15.
cxd5 exd5 16. f3 gxf3 17. exf3 Nd6 18. Rae1 Qb6 19. Kh1 c5 20. Ne6 Bxe6 21.
Rxe6 Qc7 22. b4 b6 23. bxc5 bxc5 24. Rc1 Nc4 25. Ba1 Qb7 26. Rf6 Qe7 27. Qxf5
Nce5 28. Bxe5 Nxe5 29. Qg5+ Qg7 30. Rxf8+ Rxf8 31. Qxg7+ Kxg7 32. Rxc5 Rb8 33.
h4 Rb1+ 34. Kh2 Rb2 35. Kh3 Rxa2 36. Rxd5 Ng6 37. Rd7+ Kh6 38. f4 Ra3 39. Rf7
a5 40. Be4 Re3 41. Bf5 Nxf4+ 42. Kg4 Ng6 43. Bxg6 hxg6 44. Ra7 Re4+ 45. Kf3 Re5
46. g4 g5 47. h5 Rb5 48. Ra6+ Kg7 49. Ke3 Re5+ 50. Kd4 Rb5 51. Rc6 Rb4+ 52. Rc4
Rb5 53. Kc3 Kh6 54. Rd4 Kg7 55. Kc4 Re5 56. Kd3 Kh6 57. Re4 Rb5 58. Re6+ Kg7
59. Kc3 Kf7 60. Rg6 Rc5+ 61. Kd3 Rb5 62. Rd6 Re5 63. Kd4 Rb5 64. Ke4 a4 1/2-1/2

[Event "Tradewise Gibraltar Chess Festival 2013"]
[Site "Gibraltar ENG"]
[Date "2013.01.27"]
[Round "6.91"]
[White "Tranter, Stephen"]
[Black "Dasaolu, Rotimi"]
[Result "1/2-1/2"]
[WhiteElo "1938"]
[BlackElo "2115"]
[PlyCount "105"]
[EventDate "2013.01.22"]
[EventType "swiss"]
[EventRounds "10"]
[EventCountry "ENG"]
[Source "lmi"]
[SourceDate "2013.01.22"]

1. e4 d5 2. exd5 Qxd5 3. Nc3 Qa5 4. d4 c6 5. Nf3 Nf6 6. a3 Bg4 7. b4 Qc7 8. Be2
Nbd7 9. O-O e6 10. Ne5 Nxe5 11. dxe5 Qxe5 12. Bxg4 Qxc3 13. Bd2 Qd4 14. Bf3
O-O-O 15. Be3 Qxd1 16. Raxd1 Rxd1 17. Rxd1 a6 18. c4 Be7 19. Rb1 Rd8 20. Rb3
Kc7 21. a4 Rd7 22. Kf1 Bd6 23. a5 Be5 24. Ke2 Bd4 25. Bd2 Kc8 26. g4 Bxf2 27.
g5 Ne8 28. b5 cxb5 29. cxb5 Bd4 30. bxa6 bxa6 31. Bc6 Rd8 32. Bb7+ Kc7 33. Bxa6
Nd6 34. Bd3 f5 35. gxf6 gxf6 36. a6 Kc6 37. Bxh7 Rh8 38. Rh3 f5 39. Be3 Bxe3
40. Kxe3 Ra8 41. Rh6 Kd5 42. h4 Rxa6 43. Bg8 Ne8 44. Rg6 Ke5 45. h5 Nf6 46. h6
Ra3+ 47. Kf2 Rh3 48. h7 Rh5 49. Kf3 Rh1 50. Kg2 Rh5 51. Kf3 f4 52. Bxe6 Nxh7
53. Bg4 1/2-1/2

[Event "Tradewise Gibraltar Chess Festival 2013"]
[Site "Gibraltar ENG"]
[Date "2013.01.27"]
[Round "6.92"]
[White "Rujan, Rodel-Marinel"]
[Black "Freuler, Roman"]
[Result "1-0"]
[WhiteElo "1759"]
[BlackElo "2098"]
[PlyCount "81"]
[EventDate "2013.01.22"]
[EventType "swiss"]
[EventRounds "10"]
[EventCountry "ENG"]
[Source "lmi"]
[SourceDate "2013.01.22"]

1. c4 e5 2. g3 Nc6 3. Bg2 g6 4. Nc3 Bg7 5. e4 Nf6 6. Nge2 O-O 7. O-O d6 8. d3
Ne7 9. h3 c6 10. d4 Qc7 11. Be3 Bd7 12. Qc2 b5 13. dxe5 dxe5 14. Rfd1 Be6 15.
Bc5 Qb7 16. cxb5 cxb5 17. Nxb5 Qxb5 18. Bxe7 Rfc8 19. Qd2 Rab8 20. b3 Rb7 21.
Ba3 Rd7 22. Qb2 Rd3 23. Rac1 h5 24. Rxc8+ Bxc8 25. Qc2 Rxd1+ 26. Qxd1 Qa5 27.
Bb2 Bb7 28. Nc3 Kh7 29. a3 Qc5 30. Nd5 Nd7 31. Qd3 Qc6 32. b4 Ba6 33. Ne7 Qb7
34. Qb3 f6 35. Bc1 g5 36. Qf7 Nf8 37. Qxh5+ Bh6 38. Nf5 Bd3 39. Qxh6+ Kg8 40.
Qxf6 Bxe4 41. Bxe4 1-0